000 01150nam0a22003371 4500
001 v19\rc\1828192
005 20260406110544.0
035 _a(NLR Aleph) 004924471
090 _a5613230
_c5613230
100 _a20071224d1908 |||y0rusy50 ca
101 0 _arus
102 _aRU
105 _aa z |||c|
200 1 _aСарапул и Среднее Прикамье
_eБылое и современное
_eОчерки с рис.
_fН.Н. Блинов
205 _a2-е изд., доп.
210 _a[Сарапул]
_cтипо-лит. И.М. Колчина
_d1908
215 _a104 с., 6 л. ил.
_d23
700 1 _8rus
_7ca
_aБлинов
_bН. Н.
_cэтнограф, писатель
_f1839-1917
_gНиколай Николаевич
_3RU\NLR\AUTH\77110047
_992972
801 0 _aRU
_bNLR
_gpsbo
801 0 _aRU
_bRuMoRGB
_2psbo
801 1 _aRU
_bProSoft-M
_2rusmarc
801 2 _aRU
_bNLR
_c20130828
_2rusmarc
852 _aNLR
_j38.5.7.39
852 _aNLR
_j131/3870
852 _aNLR
_bМф
_jК1/29997
899 _aRuMoRGB
_jU 217/407
899 _aRuMoRGB
_jФ 1-52/1974
899 _aБАН
899 _aНБ МГУ
942 _cBOOK
980 _aNB